000 00861cam a22002654a 4500
020 _a9780742547353 (cloth : alk. paper)
020 _a0742547353 (cloth : alk. paper)
020 _a9780742547421 (pbk. : alk. paper)
020 _a0742547426 (pbk. : alk. paper)
040 _cDLC
082 0 0 _a305 SAH 2007 C165 Or.
100 1 _aOrnstein, Allan C.
245 1 0 _aClass counts :
_beducation, inequality, and the shrinking middle class /
260 _aLanham, MD :
_bRowman & Littlefield Pub. Group, Inc.,
_cc2007.
300 _axiii, 357 p. ;
_c24 cm.
650 0 _aSocial classes
650 0 _aPoverty
650 0 _aWealth
650 0 _aEducation, Higher
650 0 _aMiddle class
650 0 _aElite (Social sciences)
650 0 _aPower (Social sciences)
856 4 1 _uhttp://www.loc.gov/catdir/toc/ecip071/2006030859.html
942 _cAEDBB
999 _c19345
_d19345